Statistics for Jetpunk Comments Quiz

Click here to take the quiz!

General Stats

  • This quiz has been taken 42 times
  • The average score is 4 of 10

Answer Stats

HintAnswer% Correct
England is not a ____, but in some contexts, it isCountry
94%
This quiz is too __-centricUS
71%
In all likelihood, he is the person who has left comments in the most Jetpunk quizzesQuizmaster
57%
There are seven (no, six - no, five - no, seven!) of themContinents
54%
David Beckham's main activityModelling
51%
Series of quizzes that are 100% factually right, despite what dozens of angry commenters sayApril Fool's
31%
French for "the restaurant"le restaurant
29%
Country that won the 1995 World CupNorway, etc.
11%
Country that won the 1954, 1974, 1990, and 2014 World CupFederal Republic of Germany
3%
Most evil world leader of the past decadeJoffrey Baratheon
3%

Score Distribution

Percentile by Number Answered

Percent of People with Each Score

Your Score History

You have not taken this quiz